000 00745nam a22001577a 4500
005 20241028064020.0
008 241028b |||||||| |||| 00| 0 eng d
020 _a9789556595154
082 _222
_a823
_bMIR
100 _aDaniel, K.
245 _aMirage
_bA Sri Lankan Dalit Novel
260 _aChennai
_bKumaran Books
_c2016
300 _axxi, 321 p .,
500 _aMirage, a Dalit 'Historical' novel first published in 1986 by K. Daniel of Jaffna, a catholic by birth but Marxist by choice, makes a probing inquiry into the early 20th century ' conversation' to Catholicism of the Nalavars and the pallars, two of the region's most downtrodden castes, asking what differnce the change of religion made to their overall well-being.
942 _cL
999 _c5929
_d5929